[Event "IECG CP.1999.P.00068"]
[Site "IECG email"]
[Date "1999.10.01"]
[Round "?"]
[White "Lewis, Matthew"]
[Black "Rea, Derrick"]
[Result "1-0"]
[WhiteElo "1735"]
[BlackElo "1150"]
[PlyCount "87"]
[EventDate "1999.10.01"]
[EventType "tourn (corr)"]
[EventRounds "6"]
[EventCountry "USA"]
[SourceTitle "Corr 2008"]
[Source "ChessBase"]
[SourceDate "2008.06.24"]
[SourceVersion "1"]
[SourceVersionDate "2008.06.24"]
[SourceQuality "1"]

1. c4 Nf6 2. d4 e5 3. dxe5 Ng4 4. Nf3 Bc5 5. e3 Nc6 6. Be2 Ngxe5 7. 0-0 0-0 8. Nxe5 Nxe5 9. b3 d6 10. Nc3 Bf5 11. e4 Bg6 12. Bf4 Re8 13. Rc1 Bb4 14. f3 c6 15. Qc2 Rc8 16. Be3 d5 17. Rfd1 Qa5 18. f4 Nd7 19. Bg4 Rcd8 20. f5 Nf6 21. h3 h5 22. fxg6 hxg4 23. gxf7+ Kxf7 24. cxd5 gxh3 25. gxh3 Ba3 26. Rb1 Bc5 27. Bd4 Qb4 28. Nb5 Bxd4+ 29. Nxd4 Rxe4 30. Nf3 Re3 31. dxc6 Qb6 32. Qc4+ Ke8 33. Rxd8+ Kxd8 34. Nd4 bxc6 35. Nxc6+ Kd7 36. Nd4 Rxh3 37. Re1 Rg3+ 38. Kf2 Rg4 39. Qf7+ Kc8 40. Qf8+ Kc7 41. Rc1+ Kd7 42. Qc8+ Ke7 43. Rc7+ Kd6 44. Rc6+ 1-0